Sports Quiz

Random Sports or Golf Quiz
Score 0/16 Timer 02:00
8 Plays Today
Question Answer Wrong Answers
Tiger Woods Golf
93.6%
Soccer
0.9%
Tennis
2.4%
Auto Racing
0.5%
Roger Federer Tennis
92.5%
Soccer
1.7%
Auto Racing
1.3%
Golf
1.7%
Phil Mickelson Golf
86%
Soccer
2.2%
Tennis
4%
Auto Racing
4.8%
Steffi Graf Tennis
83.9%
Soccer
3.4%
Auto Racing
5.3%
Golf
4.2%
Pete Sampras Tennis
83.7%
Soccer
3.8%
Auto Racing
4.8%
Golf
4.5%
Michael Schumacher Auto Racing
83.4%
Soccer
4.5%
Tennis
4.6%
Golf
4.3%
Paul Pogba Soccer
80.9%
Tennis
3.7%
Auto Racing
8.7%
Golf
3.3%
Luka Modrić Soccer
80.7%
Tennis
6.8%
Auto Racing
8%
Golf
1.2%
Jordan Spieth Golf
80.1%
Soccer
4.6%
Tennis
5.2%
Auto Racing
6.9%
Andrés Iniesta Soccer
78.5%
Tennis
4.8%
Auto Racing
11.8%
Golf
1.5%
Jason Day Golf
74.6%
Soccer
5.2%
Tennis
5.4%
Auto Racing
11.4%
Nico Rosberg Auto Racing
72.1%
Soccer
14.3%
Tennis
6.4%
Golf
3.6%
Ivan Lendl Tennis
69.6%
Soccer
8.9%
Auto Racing
12.6%
Golf
5.4%
Eden Hazard Soccer
68.3%
Tennis
5.4%
Auto Racing
17.5%
Golf
5.6%
Kimi Räikkönen Auto Racing
66.3%
Soccer
15.6%
Tennis
10.4%
Golf
4.3%
Pastor Maldonado Auto Racing
48.7%
Soccer
33.7%
Tennis
6%
Golf
8%

You're not logged in!

Compare scores with friends on all Sporcle quizzes.
OR
Log In

Sporcle TV

Today on Sporcle TV


Watch our educational content, quiz creation guides, and fun videos on Sporcle TV.

Show Comments

Extras

Top Quizzes Today


Score Distribution

Paid Content

Your Account Isn't Verified!

In order to create a playlist on Sporcle, you need to verify the email address you used during registration. Go to your Sporcle Settings to finish the process.

Report this User

Report this user for behavior that violates our Community Guidelines.

Details: